[Event "Mitropa Cup (Women)"]
[Site "Apolda"]
[Date "2024.02.23"]
[Round "9.5"]
[White "Brunello, Marina"]
[Black "Iglesias, Yosha"]
[Result "1/2-1/2"]
[WhiteElo "2345"]
[BlackElo "2279"]
[PlyCount "144"]
[EventDate "2024.02.15"]
[EventType "team-tourn"]
[EventRounds "9"]
[EventCountry "GER"]
[SourceTitle "CB09_2024"]
[SourceDate "2024.02.28"]
[SourceVersion "1"]
[SourceVersionDate "2024.02.28"]
[SourceQuality "1"]
[WhiteTeam "Italy (W)"]
[BlackTeam "France (W)"]
[WhiteTeamCountry "ITA"]
[BlackTeamCountry "FRA"]

1. e4 c6 2. d4 d5 3. e5 c5 4. Nf3 cxd4 5. Nxd4 Nc6 6. Nxc6 bxc6 7. Bd3 e6 8. 0-0 Ne7 9. Nd2 a5 10. Re1 Ba6 11. c4 Ng6 12. a3 Bc5 13. Nf3 dxc4 14. Bxg6 hxg6 15. Qxd8+ Rxd8 16. Bd2 a4 17. Bc3 Ke7 18. Re4 Rd3 19. Kf1 Rhd8 20. Ke1 R8d5 21. Rc1 f5 22. Rh4 g5 23. Nxg5 Rxc3 24. Rxc3 Rxe5+ 25. Kf1 Rd5 26. Ke2 Bd4 27. Rxd4 Rxd4 28. Ke3 e5 29. g3 Rd8 30. Nf3 Kf6 31. h4 Rb8 32. Nd2 Rxb2 33. Nxc4 Bxc4 34. Rxc4 Rb3+ 35. Ke2 Rxa3 36. Rxc6+ Kf7 37. Rc7+ Kg6 38. Rc6+ Kh7 39. Rc5 f4 40. gxf4 exf4 41. f3 Re3+ 42. Kf2 Rb3 43. Ra5 Rb2+ 44. Kg1 Ra2 45. Ra6 g6 46. Ra7+ Kg8 47. Kh1 a3 48. Ra4 Kg7 49. Kg1 Kf6 50. Rxf4+ Ke5 51. Ra4 Kd5 52. f4 Kc5 53. h5 gxh5 54. f5 Kd6 55. f6 Ke6 56. Ra6+ Kf7 57. Kh1 Kg6 58. Kg1 h4 59. Kh1 h3 60. Kg1 Rg2+ 61. Kh1 a2 62. f7+ Kxf7 63. Ra7+ Kg6 64. Ra6+ Kh5 65. Ra5+ Kh4 66. Ra4+ Kg3 67. Ra3+ Kf4 68. Ra4+ Ke5 69. Ra5+ Kd6 70. Ra6+ Kc7 71. Ra7+ Kb8 72. Ra8+ Kxa8 1/2-1/2

[Event "Mitropa Cup (Women)"]
[Site "Apolda"]
[Date "2024.02.15"]
[Round "1.13"]
[White "Iglesias, Yosha"]
[Black "Polterauer, Chiara"]
[Result "1-0"]
[WhiteElo "2279"]
[BlackElo "2189"]
[PlyCount "87"]
[EventDate "2024.02.15"]
[EventType "team-tourn"]
[EventRounds "9"]
[EventCountry "GER"]
[SourceTitle "CB09_2024"]
[SourceDate "2024.02.28"]
[SourceVersion "1"]
[SourceVersionDate "2024.02.28"]
[SourceQuality "1"]
[WhiteTeam "France (W)"]
[BlackTeam "Austria (W)"]
[WhiteTeamCountry "FRA"]
[BlackTeamCountry "AUT"]

1. d4 Nf6 2. Nf3 g6 3. Bf4 Bg7 4. e3 0-0 5. Be2 d5 6. h3 b6 7. c3 Bb7 8. 0-0 Nbd7 9. a4 a5 10. Qb3 c5 11. Bb5 c4 12. Qa2 Ne4 13. b3 cxb3 14. Qxb3 Ndf6 15. Rc1 Nd6 16. Bf1 Ba6 17. Bxa6 Rxa6 18. Na3 e6 19. Rab1 Qe7 20. Bxd6 Qxd6 21. c4 Rc8 22. cxd5 Rxc1+ 23. Rxc1 Nxd5 24. Rc8+ Bf8 25. Nb5 Qd7 26. Qc4 Kg7 27. Ne5 Qb7 28. e4 Ne7 29. Nd6 b5 30. Ne8+ Kg8 31. axb5 Qxc8 32. Qxc8 Nxc8 33. bxa6 a4 34. Nd3 Bh6 35. Nd6 a3 36. Nb4 Na7 37. Nc4 Bc1 38. d5 exd5 39. exd5 Kf8 40. Ne5 Bd2 41. Na2 Ba5 42. Nc4 Bd8 43. Nxa3 Ke7 44. Nc3 1-0

[Event "EU-Cup (Women) 27th"]
[Site "Durres"]
[Date "2023.10.07"]
[Round "7.3"]
[White "Zaksaite, Salomeja"]
[Black "Iglesias, Yosha"]
[Result "1/2-1/2"]
[WhiteElo "2217"]
[BlackElo "2259"]
[PlyCount "60"]
[EventDate "2023.10.01"]
[EventType "team-swiss"]
[EventRounds "7"]
[EventCountry "ALB"]
[SourceTitle "EXT 2024"]
[Source "ChessBase"]
[SourceDate "2023.10.10"]
[SourceVersion "1"]
[SourceVersionDate "2023.10.10"]
[SourceQuality "1"]
[WhiteTeam "Panevezys (W)"]
[BlackTeam "Asnieres (W)"]
[WhiteTeamCountry "LTU"]
[BlackTeamCountry "FRA"]

1. e4 c6 2. d4 d5 3. exd5 cxd5 4. Bd3 Nf6 5. h3 Nc6 6. c3 e5 7. dxe5 Nxe5 8. Nf3 Nxd3+ 9. Qxd3 Bd6 10. 0-0 0-0 11. Bg5 h6 12. Be3 Be6 13. Nbd2 Qd7 14. Rfe1 Bf5 15. Qd4 Ne4 16. Ne5 Qe6 17. Ndf3 Rae8 18. Nd3 Bxh3 19. gxh3 Qxh3 20. Nfe5 Rxe5 21. Nxe5 Re8 22. Bf4 Bc5 23. Re3 Qf5 24. Qxd5 Qxf4 25. Rxe4 Qg3+ 26. Kh1 Qh3+ 27. Kg1 Qg3+ 28. Kh1 Qh3+ 29. Kg1 Qg3+ 30. Kh1 Qh3+ 1/2-1/2

[Event "EU-Cup (Women) 27th"]
[Site "Durres"]
[Date "2023.10.06"]
[Round "6.3"]
[White "Iglesias, Yosha"]
[Black "Yao, Lan"]
[Result "0-1"]
[WhiteElo "2259"]
[BlackElo "2311"]
[PlyCount "66"]
[EventDate "2023.10.01"]
[EventType "team-swiss"]
[EventRounds "7"]
[EventCountry "ALB"]
[SourceTitle "EXT 2024"]
[Source "ChessBase"]
[SourceDate "2023.10.10"]
[SourceVersion "1"]
[SourceVersionDate "2023.10.10"]
[SourceQuality "1"]
[WhiteTeam "Asnieres (W)"]
[BlackTeam "Wood Green (W)"]
[WhiteTeamCountry "FRA"]
[BlackTeamCountry "ENG"]

1. d4 Nf6 2. Bf4 d5 3. Nf3 c5 4. e3 Nc6 5. Nbd2 Qb6 6. dxc5 Qxb2 7. Rb1 Qc3 8. Bb5 e6 9. 0-0 Be7 10. e4 0-0 11. e5 Nd7 12. Nb3 Qb4 13. Nbd4 Qxc5 14. Bd3 Nxd4 15. Nxd4 g6 16. Nf3 Qc7 17. Qd2 Re8 18. Rfe1 Nc5 19. Bg5 b6 20. Qf4 f5 21. Qh4 Bxg5 22. Nxg5 Qg7 23. Bb5 Bd7 24. c4 Bxb5 25. Rxb5 dxc4 26. Qxc4 Rac8 27. h4 h6 28. Nf3 Qd7 29. Ra1 Ne4 30. Qb3 Rc3 31. Qb2 Rec8 32. Rf1 Rc2 33. Qb1 Nxf2 0-1

[Event "EU-Cup (Women) 27th"]
[Site "Durres"]
[Date "2023.10.05"]
[Round "5.3"]
[White "Iglesias, Yosha"]
[Black "Khademalsharieh, Sarasadat"]
[Result "1/2-1/2"]
[WhiteElo "2259"]
[BlackElo "2476"]
[PlyCount "92"]
[EventDate "2023.10.01"]
[EventType "team-swiss"]
[EventRounds "7"]
[EventCountry "ALB"]
[SourceTitle "EXT 2024"]
[Source "ChessBase"]
[SourceDate "2023.10.10"]
[SourceVersion "1"]
[SourceVersionDate "2023.10.10"]
[SourceQuality "1"]
[WhiteTeam "Asnieres (W)"]
[BlackTeam "Monte Carlo (W)"]
[WhiteTeamCountry "FRA"]
[BlackTeamCountry "MNC"]

1. d4 d5 2. Nf3 Nf6 3. Bf4 e6 4. e3 c5 5. Nbd2 cxd4 6. exd4 Qb6 7. Nb3 Bd7 8. a4 Bd6 9. a5 Qc7 10. Bxd6 Qxd6 11. Bd3 Bc6 12. Ne5 Nbd7 13. Nxd7 Nxd7 14. 0-0 0-0 15. Re1 Rae8 16. Qh5 g6 17. Qh4 Qb4 18. Qg3 Ba4 19. Nc5 Nxc5 20. dxc5 Bc6 21. h4 Qxc5 22. h5 Qe7 23. f4 Kh8 24. hxg6 fxg6 25. Re5 Qc5+ 26. Kh2 Rf6 27. a6 b6 28. Rae1 Qf8 29. Qg5 Bd7 30. g3 Kg7 31. Rh1 Re7 32. Kg2 Kg8 33. Rhe1 Ref7 34. R5e2 Qc5 35. Qe5 Rf8 36. c3 Bb5 37. b4 Qc6 38. Bxb5 Qxb5 39. Qd6 Qxa6 40. Rxe6 Qa2+ 41. Kh3 R6f7 42. Re8 Qc4 43. Rxf8+ Rxf8 44. Re7 Qf1+ 45. Kh2 Qf2+ 46. Kh3 Qf1+ 1/2-1/2

[Event "EU-Cup (Women) 27th"]
[Site "Durres"]
[Date "2023.10.03"]
[Round "3.3"]
[White "Iglesias, Yosha"]
[Black "Drljevic, Ljilja"]
[Result "1/2-1/2"]
[WhiteElo "2259"]
[BlackElo "2081"]
[PlyCount "60"]
[EventDate "2023.10.01"]
[EventType "team-swiss"]
[EventRounds "7"]
[EventCountry "ALB"]
[SourceTitle "EXT 2024"]
[Source "ChessBase"]
[SourceDate "2023.10.10"]
[SourceVersion "1"]
[SourceVersionDate "2023.10.10"]
[SourceQuality "1"]
[WhiteTeam "Asnieres (W)"]
[BlackTeam "Gostivar (W)"]
[WhiteTeamCountry "FRA"]
[BlackTeamCountry "MKD"]

1. d4 d6 2. Bf4 g6 3. e4 Bg7 4. Nc3 a6 5. Nf3 Nc6 6. h3 Nf6 7. e5 Nd7 8. Bc4 dxe5 9. dxe5 Ncxe5 10. Nxe5 Bxe5 11. Bxe5 Nxe5 12. Qxd8+ Kxd8 13. 0-0-0+ Bd7 14. Bb3 e6 15. Rd2 Kc8 16. f4 Nc6 17. Rhd1 Be8 18. Ne4 b6 19. Nf6 Kb7 20. Bc4 Na5 21. Bd3 Bb5 22. Be4+ Bc6 23. Rd7 Raf8 24. R1d3 Kc8 25. Bxc6 Nxc6 26. Rc3 Kb7 27. Ne4 Kc8 28. Nf6 Kb7 29. Ne4 Kc8 30. Nf6 Kb7 1/2-1/2

[Event "EU-Cup (Women) 27th"]
[Site "Durres"]
[Date "2023.10.02"]
[Round "2.3"]
[White "Injac, Teodora"]
[Black "Iglesias, Yosha"]
[Result "1/2-1/2"]
[WhiteElo "2426"]
[BlackElo "2259"]
[PlyCount "161"]
[EventDate "2023.10.01"]
[EventType "team-swiss"]
[EventRounds "7"]
[EventCountry "ALB"]
[SourceTitle "EXT 2024"]
[Source "ChessBase"]
[SourceDate "2023.10.10"]
[SourceVersion "1"]
[SourceVersionDate "2023.10.10"]
[SourceQuality "1"]
[WhiteTeam "Ajka Garuda (W)"]
[BlackTeam "Asnieres (W)"]
[WhiteTeamCountry "HUN"]
[BlackTeamCountry "FRA"]

1. d4 d5 2. Nf3 Nf6 3. c4 c6 4. e3 Bf5 5. Nc3 e6 6. Nh4 Be4 7. f3 Bg6 8. Bd2 dxc4 9. Bxc4 b5 10. Nxg6 hxg6 11. Bd3 Nbd7 12. Qe2 a6 13. Ne4 c5 14. Nxc5 Bxc5 15. dxc5 Nxc5 16. Bc2 Qd6 17. 0-0-0 0-0 18. Kb1 Nd5 19. h4 Qe5 20. f4 Nxf4 21. Qf3 Nd5 22. e4 Nf6 23. Bc3 Qh5 24. Rdg1 Qxf3 25. gxf3 Nh5 26. Rg5 Na4 27. Bxa4 bxa4 28. Ra5 Rfd8 29. Kc2 f6 30. Rxa4 e5 31. Rd1 Rxd1 32. Kxd1 Nf4 33. Kc2 Ne2 34. Kd3 Nxc3 35. Kxc3 Kh7 36. Rc4 Kh6 37. Rc7 g5 38. h5 Rg8 39. b4 Kxh5 40. Kd3 g4 41. Ke3 g3 42. Rc1 Rb8 43. a3 a5 44. Rh1+ Kg5 45. Rg1 axb4 46. axb4 Rxb4 47. Rxg3+ Kh6 48. Rh3+ Kg6 49. Kf2 Kf7 50. Kg3 Rb8 51. Rh1 Rd8 52. Rb1 Kg6 53. Rh1 Rc8 54. Rh4 Rc1 55. Kg2 Rd1 56. Rg4+ Kf7 57. Rh4 Rd8 58. Kg3 Rg8 59. Rh1 g6 60. Kg4 Rc8 61. Rh7+ Ke6 62. Rg7 Rh8 63. Ra7 Rh5 64. Ra6+ Kf7 65. Ra7+ Kg8 66. Rb7 Rg5+ 67. Kh4 Rg1 68. Ra7 Kf8 69. Rb7 f5 70. exf5 gxf5 71. Rb5 Kf7 72. Rxe5 Kf6 73. Ra5 f4 74. Rb5 Rg3 75. Ra5 Ke6 76. Rb5 Rxf3 77. Kg4 Rf1 78. Ra5 Kf6 79. Rf5+ Ke6 80. Rxf4 Rxf4+ 81. Kxf4 1/2-1/2

[Event "FRA-ch (Women)"]
[Site "L'Alpe d'Huez"]
[Date "2023.08.18"]
[Round "1.1"]
[White "Iglesias, Yosha"]
[Black "Alexieva, Silvia"]
[Result "1-0"]
[WhiteElo "2249"]
[BlackElo "2203"]
[PlyCount "85"]
[EventDate "2023.08.18"]
[EventType "k.o."]
[EventRounds "4"]
[EventCountry "FRA"]
[SourceTitle "EXT 2024"]
[Source "ChessBase"]
[SourceDate "2023.10.10"]
[SourceVersion "1"]
[SourceVersionDate "2023.10.10"]
[SourceQuality "1"]

1. d4 Nf6 2. Bf4 d5 3. Nf3 c5 4. e3 Nc6 5. Nbd2 cxd4 6. exd4 Bf5 7. c3 e6 8. Qb3 Qc8 9. Nh4 Be4 10. Nxe4 dxe4 11. g3 Be7 12. Ng2 a6 13. Ne3 b5 14. Bg2 Nh5 15. Bxe4 g5 16. Be5 f6 17. Qd1 Ng7 18. Qf3 0-0 19. Bxc6 fxe5 20. Qe4 exd4 21. cxd4 Bb4+ 22. Ke2 Ra7 23. Rac1 Qd8 24. h4 h5 25. hxg5 Qxg5 26. Qh4 Qg6 27. Be4 Qf7 28. f4 Be7 29. Qh3 Qf6 30. Rcd1 Rd8 31. Ng4 hxg4 32. Qh7+ Kf8 33. Rh6 Qf7 34. Rdh1 Bf6 35. Bg6 Qd7 36. Qg8+ Ke7 37. Qf7+ Kd6 38. Qxf6 Kc6 39. Be4+ Kb6 40. d5 b4 41. Qd4+ Ka5 42. a3 bxa3 43. b4+ 1-0

[Event "FRA-chT Top 12 (Women) Finals"]
[Site "La Roche sur Yon"]
[Date "2023.07.01"]
[Round "1.1"]
[White "Thomas, Anysia"]
[Black "Iglesias, Yosha"]
[Result "0-1"]
[WhiteElo "2153"]
[BlackElo "2206"]
[PlyCount "58"]
[EventDate "2023.07.01"]
[EventType "team-k.o."]
[EventRounds "3"]
[EventCountry "FRA"]
[SourceTitle "CBM 215 Extra"]
[Source "ChessBase"]
[SourceDate "2023.09.30"]
[SourceVersion "1"]
[SourceVersionDate "2023.09.30"]
[SourceQuality "1"]
[WhiteTeam "Vandoeuvre (W)"]
[BlackTeam "Asnieres (W)"]
[WhiteTeamCountry "FRA"]
[BlackTeamCountry "FRA"]

1. d4 d5 2. c4 c6 3. Nf3 Nf6 4. Nc3 dxc4 5. e4 b5 6. Be2 e6 7. 0-0 Bb7 8. b3 b4 9. e5 Nd5 10. Ne4 c3 11. Nfg5 h6 12. Nh3 Nd7 13. f4 g6 14. Nhf2 Qb6 15. a3 c5 16. dxc5 Nxc5 17. Kh1 0-0-0 18. Qc2 Nxe4 19. Nxe4 Ne3 20. Bxe3 Qxe3 21. Ng3 Rd2 22. Qc1 Rxe2 23. Nxe2 Qxe2 24. Rg1 Bc5 25. axb4 Bxg1 26. Qxg1 Rd8 27. Qc5+ Kd7 28. Rg1 Ke8 29. Qxa7 Qxg2+ 0-1

[Event "Titled Tuesday intern op 16th May Early"]
[Site "Chess.com INT"]
[Date "2023.05.16"]
[Round "3"]
[White "Iglesias, Yosha"]
[Black "Fernandez, Gerardo"]
[Result "1-0"]
[WhiteElo "2199"]
[BlackElo "2181"]
[PlyCount "67"]
[EventDate "2023.05.16"]
[EventType "swiss (blitz)"]
[EventRounds "11"]
[EventCountry "USA"]
[SourceTitle "CBM 214 Extra"]
[Source "ChessBase"]
[SourceDate "2023.07.31"]
[SourceVersion "1"]
[SourceVersionDate "2023.07.31"]
[SourceQuality "1"]

1. d4 Nf6 2. Nf3 g6 3. Nbd2 Bg7 4. e4 d5 5. e5 Ne4 6. Bd3 Nxd2 7. Bxd2 c5 8. c3 cxd4 9. cxd4 Nc6 10. h3 Bf5 11. Bxf5 gxf5 12. Qb3 e6 13. Qxb7 Rc8 14. Rc1 Ne7 15. 0-0 0-0 16. Bb4 Rxc1 17. Rxc1 Re8 18. Rc7 Bf8 19. Qxa7 Nc6 20. Rxc6 Bxb4 21. Rc7 Rf8 22. h4 h6 23. a3 Be1 24. Nxe1 Qxh4 25. Nf3 Qe4 26. Qc5 h5 27. Rc8 Rxc8 28. Qxc8+ Kg7 29. Qc3 h4 30. a4 Qg4 31. Qe3 Kg6 32. Qg5+ Qxg5 33. Nxg5 Kxg5 34. a5 1-0

[Event "Titled Tuesday intern op 16th May Early"]
[Site "Chess.com INT"]
[Date "2023.05.16"]
[Round "11"]
[White "Iglesias, Yosha"]
[Black "Shvedova, Alexandra"]
[Result "0-1"]
[WhiteElo "2199"]
[BlackElo "2207"]
[PlyCount "84"]
[EventDate "2023.05.16"]
[EventType "swiss (blitz)"]
[EventRounds "11"]
[EventCountry "USA"]
[SourceTitle "CBM 214 Extra"]
[Source "ChessBase"]
[SourceDate "2023.07.31"]
[SourceVersion "1"]
[SourceVersionDate "2023.07.31"]
[SourceQuality "1"]

1. d4 Nf6 2. Nf3 d5 3. e3 c6 4. c4 e6 5. Nbd2 Be7 6. Bd3 dxc4 7. Nxc4 b5 8. Nce5 Bb7 9. 0-0 a6 10. Bd2 c5 11. dxc5 Bxc5 12. Rc1 Bd6 13. Bc3 0-0 14. Ng5 h6 15. Ngxf7 Rxf7 16. Nxf7 Kxf7 17. e4 Nbd7 18. f4 Bxe4 19. Bxe4 Nxe4 20. f5 e5 21. Qh5+ Kg8 22. Kh1 Ndf6 23. Qg6 Qe8 24. Qxe8+ Rxe8 25. Ba5 Bc5 26. g3 Be3 27. Rc7 Nd5 28. Rb7 Bd4 29. b3 Ne3 30. Rc1 Nf2+ 31. Kg1 Nxf5 32. Kg2 Nd3 33. Rcc7 e4 34. g4 Ne3+ 35. Kh3 Be5 36. Rd7 Nf2+ 37. Kh4 Ng2+ 38. Kh5 Nf4+ 39. Kh4 e3 40. Bc7 Bf6+ 41. Kg3 Ne2+ 42. Kg2 Nxg4 0-1

[Event "Titled Tuesday intern op 16th May Early"]
[Site "Chess.com INT"]
[Date "2023.05.16"]
[Round "10"]
[White "Jiganchine, Roman"]
[Black "Iglesias, Yosha"]
[Result "0-1"]
[WhiteElo "2205"]
[BlackElo "2199"]
[PlyCount "42"]
[EventDate "2023.05.16"]
[EventType "swiss (blitz)"]
[EventRounds "11"]
[EventCountry "USA"]
[SourceTitle "CBM 214 Extra"]
[Source "ChessBase"]
[SourceDate "2023.07.31"]
[SourceVersion "1"]
[SourceVersionDate "2023.07.31"]
[SourceQuality "1"]

1. e4 c5 2. Nf3 d6 3. Bb5+ Bd7 4. Bxd7+ Qxd7 5. c4 Nc6 6. d4 cxd4 7. Nxd4 Nf6 8. Nc3 g6 9. f3 Nxd4 10. Be3 Nc6 11. 0-0 Bg7 12. Nd5 0-0 13. h4 Ne5 14. c5 Nxd5 15. Qxd5 dxc5 16. Qxc5 Rfc8 17. Qb4 Nd3 18. Qb3 Nxb2 19. Rab1 Rc3 20. Qxb2 Rxe3 21. Qb4 Qd4 0-1

[Event "Titled Tuesday intern op 09th May Early"]
[Site "Chess.com INT"]
[Date "2023.05.09"]
[Round "4"]
[White "Fabris, Alberto"]
[Black "Iglesias, Yosha"]
[Result "1/2-1/2"]
[WhiteElo "2230"]
[BlackElo "2199"]
[PlyCount "142"]
[EventDate "2023.05.09"]
[EventType "swiss (blitz)"]
[EventRounds "11"]
[EventCountry "USA"]
[SourceTitle "CBM 214 Extra"]
[Source "ChessBase"]
[SourceDate "2023.07.31"]
[SourceVersion "1"]
[SourceVersionDate "2023.07.31"]
[SourceQuality "1"]

1. e4 c5 2. Nf3 d6 3. Bb5+ Bd7 4. a4 Nf6 5. Nc3 Nc6 6. 0-0 e6 7. d4 cxd4 8. Nxd4 Be7 9. Bg5 Nxe4 10. Nxe4 Bxg5 11. Nxd6+ Kf8 12. Nxb7 Qc7 13. Nxc6 Bxc6 14. Bxc6 Qxc6 15. Qd6+ Qxd6 16. Nxd6 Bf6 17. Rab1 Ke7 18. Nc4 Rhc8 19. b3 Bc3 20. Rfd1 Rd8 21. Kf1 Rd5 22. Ne3 Rh5 23. h3 Rc8 24. Ke2 a5 25. Rd3 Bb4 26. Rbd1 Rc7 27. Nc4 Rhc5 28. Rd8 Rxc4 29. bxc4 Rxc4 30. R8d7+ Kf6 31. Rc1 Ba3 32. Ra1 Bb2 33. Ra2 Rxc2+ 34. Kd3 Rxf2 35. Rb7 Bd4 36. Rxf2+ Bxf2 37. Ke2 Bc5 38. Kf3 h5 39. Ke4 Bb4 40. Rb5 g6 41. Rb7 Be1 42. g4 hxg4 43. hxg4 Bd2 44. Rb5 Be1 45. g5+ Kg7 46. Kf4 Bd2+ 47. Kg4 Bc3 48. Rb7 Bd2 49. Rb5 Bc3 50. Kf3 Bd2 51. Ke4 Kg8 52. Kd4 Kg7 53. Kd3 Be1 54. Kc4 f6 55. Rb7+ Kf8 56. gxf6 g5 57. Re7 g4 58. Rxe6 Bf2 59. Re4 g3 60. Rg4 Kf7 61. Kb5 Be1 62. Re4 Bf2 63. Kxa5 g2 64. Rg4 g1Q 65. Rxg1 Bxg1 66. Kb5 Kxf6 67. Kc6 Ke7 68. a5 Kd8 69. Kb7 Kd7 70. a6 Kd6 71. a7 Bxa7 1/2-1/2

[Event "Titled Tuesday intern op 02nd May Early"]
[Site "Chess.com INT"]
[Date "2023.05.02"]
[Round "5"]
[White "Iglesias, Yosha"]
[Black "Sakun, Volodymyr"]
[Result "0-1"]
[WhiteElo "2199"]
[BlackElo "2345"]
[PlyCount "60"]
[EventDate "2023.05.02"]
[EventType "swiss (blitz)"]
[EventRounds "11"]
[EventCountry "USA"]
[SourceTitle "EXT 2024"]
[Source "ChessBase"]
[SourceDate "2023.10.10"]
[SourceVersion "1"]
[SourceVersionDate "2023.10.10"]
[SourceQuality "1"]

1. d4 Nf6 2. Nf3 e6 3. e3 b6 4. Bd3 Bb7 5. 0-0 Be7 6. c4 0-0 7. Nc3 d5 8. cxd5 exd5 9. b3 Nbd7 10. Bb2 c5 11. dxc5 bxc5 12. Rc1 Rc8 13. Qe2 Qa5 14. Rfd1 Rfd8 15. Na4 c4 16. Bf5 Rb8 17. Bc3 Bb4 18. Bxb4 Qxb4 19. Qd2 Qa3 20. Qb2 Qe7 21. Bxd7 Nxd7 22. Nd4 Ne5 23. Qd2 Qh4 24. h3 Rbc8 25. Nc3 Qf6 26. b4 Nd3 27. Rb1 g5 28. Nf3 h5 29. Ne1 d4 30. Nxd3 dxc3 0-1

[Event "Titled Tuesday intern op 02nd May Early"]
[Site "Chess.com INT"]
[Date "2023.05.02"]
[Round "4"]
[White "Lisjak, Zlatko"]
[Black "Iglesias, Yosha"]
[Result "0-1"]
[WhiteElo "2215"]
[BlackElo "2199"]
[PlyCount "60"]
[EventDate "2023.05.02"]
[EventType "swiss (blitz)"]
[EventRounds "11"]
[EventCountry "USA"]
[SourceTitle "EXT 2024"]
[Source "ChessBase"]
[SourceDate "2023.10.10"]
[SourceVersion "1"]
[SourceVersionDate "2023.10.10"]
[SourceQuality "1"]

1. d4 d5 2. Nc3 Nf6 3. Bf4 c5 4. e3 cxd4 5. exd4 a6 6. Qd2 Nc6 7. 0-0-0 e6 8. Nf3 Qa5 9. a3 Bd7 10. Ne5 Bxa3 11. Nxc6 bxc6 12. Nb1 Bb4 13. c3 Be7 14. Bd3 c5 15. dxc5 Qxc5 16. Be3 Qa5 17. Bd4 Rb8 18. g4 0-0 19. h4 Ne4 20. Qe2 Nc5 21. Bc2 Nb3+ 22. Bxb3 Rxb3 23. g5 Rfb8 24. Rd2 Bc5 25. Bxc5 Qxc5 26. h5 Ba4 27. g6 d4 28. gxf7+ Kxf7 29. Re1 dxc3 30. Qxe6+ Kf8 0-1

[Event "Titled Tuesday intern op 11th Apr Early"]
[Site "Chess.com INT"]
[Date "2023.04.11"]
[Round "2"]
[White "Iglesias, Yosha"]
[Black "Tarnowska, Aleksandra"]
[Result "1-0"]
[WhiteElo "2199"]
[BlackElo "1835"]
[PlyCount "67"]
[EventDate "2023.04.11"]
[EventType "swiss (blitz)"]
[EventRounds "11"]
[EventCountry "USA"]
[SourceTitle "CBM 213 Extra"]
[Source "ChessBase"]
[SourceDate "2023.05.31"]
[SourceVersion "1"]
[SourceVersionDate "2023.05.31"]
[SourceQuality "1"]

1. d4 d5 2. Nf3 Nf6 3. e3 e6 4. Bd3 b6 5. 0-0 Bb7 6. Nbd2 Nbd7 7. Ne5 c5 8. c3 Bd6 9. f4 0-0 10. Qf3 c4 11. Bc2 b5 12. g4 b4 13. g5 Ne8 14. Bxh7+ Kxh7 15. Qh5+ Kg8 16. Rf3 Ndf6 17. gxf6 Nxf6 18. Qh3 Nh7 19. Rg3 Qf6 20. Ndf3 g6 21. Bd2 Rfd8 22. Kh1 Qg7 23. Rag1 Nf8 24. Ng4 Nd7 25. Ng5 Kf8 26. Nh6 Ke7 27. Ngxf7 Rf8 28. Rxg6 Qxf7 29. Nxf7 Rxf7 30. Rg7 Raf8 31. Qh4+ Ke8 32. Be1 Be7 33. Qh5 Nf6 34. Qg6 1-0

[Event "Titled Tuesday intern op 11th Apr Early"]
[Site "Chess.com INT"]
[Date "2023.04.11"]
[Round "3"]
[White "Veiga, Jose Francisco RP"]
[Black "Iglesias, Yosha"]
[Result "1-0"]
[WhiteElo "2403"]
[BlackElo "2199"]
[PlyCount "71"]
[EventDate "2023.04.11"]
[EventType "swiss (blitz)"]
[EventRounds "11"]
[EventCountry "USA"]
[SourceTitle "CBM 213 Extra"]
[Source "ChessBase"]
[SourceDate "2023.05.31"]
[SourceVersion "1"]
[SourceVersionDate "2023.05.31"]
[SourceQuality "1"]

1. e4 c5 2. Nf3 d6 3. Bb5+ Bd7 4. Bxd7+ Qxd7 5. 0-0 Nc6 6. c4 Nf6 7. Nc3 g6 8. d4 cxd4 9. Nxd4 Bg7 10. Nc2 0-0 11. f3 Qe6 12. Qe2 Rfc8 13. Be3 Nd7 14. Rac1 Bxc3 15. bxc3 Nde5 16. c5 Qc4 17. Qxc4 Nxc4 18. cxd6 Nxd6 19. Rfd1 f6 20. Nb4 Nxb4 21. cxb4 b6 22. Kf2 Kf7 23. Ke2 Rxc1 24. Rxc1 Rc8 25. Rxc8 Nxc8 26. Kd3 Nd6 27. a4 e5 28. b5 Nb7 29. Kc3 Ke6 30. Kb4 Kd6 31. Bh6 Ke7 32. h4 Nc5 33. a5 Nd3+ 34. Kc3 Ne1 35. Be3 Nxg2 36. Bxb6 1-0

[Event "Titled Tuesday intern op 21st Mar Early"]
[Site "Chess.com INT"]
[Date "2023.03.21"]
[Round "8"]
[White "Belozerov, Andrei"]
[Black "Iglesias, Yosha"]
[Result "1-0"]
[WhiteElo "2460"]
[BlackElo "2199"]
[PlyCount "85"]
[EventDate "2023.03.21"]
[EventType "swiss (blitz)"]
[EventRounds "11"]
[EventCountry "USA"]
[SourceTitle "EXT 2024"]
[Source "ChessBase"]
[SourceDate "2023.10.10"]
[SourceVersion "1"]
[SourceVersionDate "2023.10.10"]
[SourceQuality "1"]

1. e4 c5 2. Nf3 d6 3. Bb5+ Bd7 4. Bxd7+ Qxd7 5. c4 e5 6. Nc3 g6 7. a3 Ne7 8. b4 Bg7 9. Nd5 Nxd5 10. cxd5 b6 11. d3 0-0 12. bxc5 bxc5 13. Nd2 f5 14. Nc4 Qe7 15. Rb1 Nd7 16. 0-0 Rab8 17. Bd2 Rxb1 18. Qxb1 Rb8 19. Qc2 Qf8 20. Rb1 Nb6 21. Na5 Bh6 22. Be1 fxe4 23. dxe4 Qf7 24. a4 Rf8 25. Nc6 Nd7 26. Rb7 Be3 27. Rxd7 Qxd7 28. fxe3 Qg4 29. h3 Qg5 30. Qe2 a6 31. Kh2 h5 32. Na5 h4 33. Nc4 Rf6 34. Qg4 Qxg4 35. hxg4 g5 36. Ba5 Kf7 37. Bc7 Ke7 38. Kg1 Kd7 39. Bxd6 Rxd6 40. Nxd6 Kxd6 41. Kf2 c4 42. Ke2 a5 43. Kd2 1-0

[Event "Titled Tuesday intern op 21st Mar Early"]
[Site "Chess.com INT"]
[Date "2023.03.21"]
[Round "11"]
[White "Guzman Moneo, Alberto"]
[Black "Iglesias, Yosha"]
[Result "0-1"]
[WhiteElo "2151"]
[BlackElo "2199"]
[PlyCount "88"]
[EventDate "2023.03.21"]
[EventType "swiss (blitz)"]
[EventRounds "11"]
[EventCountry "USA"]
[SourceTitle "EXT 2024"]
[Source "ChessBase"]
[SourceDate "2023.10.10"]
[SourceVersion "1"]
[SourceVersionDate "2023.10.10"]
[SourceQuality "1"]

1. e4 d6 2. d4 Nf6 3. Nc3 e5 4. Nf3 Nbd7 5. Bc4 Be7 6. a4 c6 7. a5 0-0 8. 0-0 Rb8 9. Be3 Ng4 10. Bd2 b5 11. axb6 axb6 12. d5 b5 13. dxc6 bxc4 14. cxd7 Bxd7 15. Ra2 h6 16. Nd5 Nf6 17. Ba5 Qe8 18. Nxe7+ Qxe7 19. Bc7 Nxe4 20. Bxb8 Rxb8 21. Re1 Bc6 22. Ra6 Qb7 23. Qa1 Ng5 24. Nxg5 hxg5 25. f3 g4 26. fxg4 Bxg2 27. Rxd6 Bh3 28. Re2 Qf3 29. Qe1 Qxg4+ 30. Kh1 c3 31. b3 e4 32. Rd4 f5 33. Rf2 Re8 34. Qe2 Qg5 35. Rd1 Bg4 36. Qe1 Bxd1 37. Qxd1 e3 38. Rg2 Qf4 39. Qg1 Re7 40. h3 e2 41. Qe1 Qf1+ 42. Rg1 Qf3+ 43. Kh2 Re3 44. Rg3 Qxg3+ 0-1